Normal view MARC view

Entry Topical Term

Number of records used in: 2

001 - CONTROL NUMBER

  • control field: 23457

003 - CONTROL NUMBER IDENTIFIER

  • control field: dpl

005 - DATE AND TIME OF LATEST TRANSACTION

  • control field: 20101013141052.0

008 - FIXED-LENGTH DATA ELEMENTS

  • fixed length control field: 101013|||a|||||| | ||| d

040 ## - CATALOGING SOURCE

  • Original cataloging agency: dpl
  • Transcribing agency: dpl

150 ## - HEADING--TOPICAL TERM

  • Topical term or geographic name as entry element: Women-Political Party

670 ## - SOURCE DATA FOUND

  • Source citation: Work cat.: (dpl)42677: Ghosh, Anjana 23456, Role of women councillors in urban local bodies :, 2010

670 ## - SOURCE DATA FOUND

  • Source citation: Work cat.: (dpl)42677: Ghosh, Anjana 23456, Role of women councillors in urban local bodies :, 2010

© Delhi Public Library
Hit Counter
free hit counter